000 01398cam a22003853a 4500
001 15571426
003 OSt
005 20250901165746.0
008 070706s2007 nyu 000 f eng
010 _a 2009367583
015 _aGBA753339
_2bnb
016 7 _a013789244
_2Uk
020 _a9780312942229 (pbk.)
020 _a0312942222 (pbk.)
035 _a(OCoLC)ocn148910535
035 _a(OCoLC)148910535
040 _aUKM
_cUKM
_dBTCTA
_dBAKER
_dOCO
_dIF9
_dOCLCQ
_dDLC
042 _alccopycat
050 0 0 _aCPB Box no. 2810 vol. 4 2007
100 1 _aWebb, Debra.
245 1 0 _aTraceless /
_cDebra Webb.
250 _aSt. Martin's Paperbacks ed.
260 _aNew York :
_bSt. Martin's Paperbacks,
_c2007.
300 _aviii, 340 p. ;
_c18 cm.
490 0 _aSt. Martin's Paperbacks novel
520 _aTen years after the killing of her best friend, Emily Wallace returns to her hometown when she discovers that Clint Austin, the man convicted of the crime with her testimony, has been released from prison.
650 0 _aEx-convicts
_zAlabama
_vFiction.
650 0 _aJudicial error
_vFiction.
655 7 _aRomantic suspense fiction.
_2gsafd
655 7 _aSuspense fiction.
_2gsafd
710 2 _aCopyright Paperback Collection (Library of Congress)
_5DLC
906 _a7
_bcbc
_ccopycat
_d2
_encip
_f20
_gy-genrareb
942 _2lcc
_cBK
999 _c8853
_d8853